000 01001nam a2200277#a 4500
001 02478
003 HDC
007 ta
008 230623s2014 xx 000 0 eng d
040 _aHDC
050 _athes HD 30.2
_b .M64 2014
100 _aMohd Suffi Bin Ismail,
_eauthor.
245 0 _aKnowledge Management Initiatives :
_ba Case Study in Halal Industry Development Corporation (HDC) /
_cMohd Suffi Bin Ismail, Nurul Aliah Binti Yaacob, Nur Amira Binti Mustafa, Nik Ahmad Shazmi Bin Nik Hassan
264 _aSelangor :
_bUniversiti Teknologi Mara (UiTM),
_c2014
300 _a20 pages :
_b illustration, color photographs ;
_c 30 cm
504 _aBibliography : page 20
650 _aKnowledge management
700 _aNik Ahmad Shazmi Bin Nik Hassan
_eauthor
700 _aNur Amira Binti Mustafa
_eauthor
700 _aNur Amira Binti Mustafa
_eauthor
700 _aNurul Aliah Binti Yaacob
_eauthor
942 _2lcc
942 _cBK
942 _kthes HD 30.2
942 _m .M64 2014
999 _c24036
_d24036